[Event "48th Bosna it"]
[Site "Sarajevo BIH"]
[Date "2018.05.10"]
[Round "8.29"]
[White "Ababneh, Ghayth"]
[Black "Medancic, Rikard"]
[Result "1/2-1/2"]
[WhiteElo "2006"]
[BlackElo "2164"]
[EventDate "2018.05.05"]
[PlyCount "85"]

1.e4 e5 2.Nf3 Nc6 3.Bb5 a6 4.Ba4 Nf6 5.O-O Be7 6.Re1 b5 7.Bb3 d6 8.c3 O-O 
9.h3 Na5 10.Bc2 c5 11.d4 Qc7 12.Nbd2 cxd4 13.cxd4 Bd7 14.Nf1 Rfc8 15.Bd3 
Nc6 16.Be3 h6 17.Rc1 Qb7 18.d5 Nb4 19.Bb1 a5 20.g4 Nh7 21.Qd2 Bd8 22.Ng3 
Rxc1 23.Rxc1 Rc8 24.Re1 Na6 25.Nh5 g5 26.Kh2 Nc7 27.Rg1 Ne8 28.Bd3 Bb6 29.
Ne1 Bxe3 30.Qxe3 Qc7 31.Ng2 Qc5 32.Qe2 b4 33.Ne3 Nhf6 34.Ng3 Ng7 35.Qf3 
Nfe8 36.Ne2 a4 37.b3 axb3 38.axb3 Qa7 39.Bc4 Qa2 40.Nc1 Qa5 41.Nd3 Kf8 42.
Nc2 Bb5 43.Ra1 1/2-1/2

[Event "48th Bosna it"]
[Site "Sarajevo BIH"]
[Date "2018.05.10"]
[Round "8.30"]
[White "Strinic, Hamdija"]
[Black "Angun, Batu"]
[Result "0-1"]
[WhiteElo "1747"]
[BlackElo "2152"]
[EventDate "2018.05.05"]
[PlyCount "62"]

1.e4 c5 2.Nf3 d6 3.h3 Nf6 4.Nc3 a6 5.d4 cxd4 6.Nxd4 g6 7.g4 Bg7 8.Bg2 h5 
9.g5 Nfd7 10.Nce2 Nc6 11.c3 Nc5 12.f4 Bd7 13.O-O Qc7 14.Be3 e5 15.Nxc6 
Bxc6 16.Qc2 exf4 17.Nxf4 O-O 18.Bd4 Rae8 19.Rae1 Nd7 20.Bxg7 Kxg7 21.Qf2 
Ne5 22.Nd5 Bxd5 23.exd5 Kh7 24.Be4 Re7 25.Re2 Rfe8 26.Rfe1 Kg8 27.a3 b5 
28.Kg2 Qc4 29.Re3 a5 30.Qf1 Qxf1+ 31.Rxf1 Nc4 0-1

[Event "48th Bosna it"]
[Site "Sarajevo BIH"]
[Date "2018.05.10"]
[Round "8.31"]
[White "Shah, Rishab"]
[Black "Stankovic, Dragan"]
[Result "1-0"]
[WhiteElo "2084"]
[BlackElo "1919"]
[EventDate "2018.05.05"]
[PlyCount "85"]

1.e4 c6 2.d4 d5 3.Nc3 dxe4 4.Nxe4 Bf5 5.Ng3 Bg6 6.h4 h6 7.Nf3 Nd7 8.h5 Bh7
9.Bd3 Bxd3 10.Qxd3 e6 11.Bd2 Ngf6 12.O-O-O Qc7 13.Qe2 O-O-O 14.Ne5 Nxe5 
15.dxe5 Nd7 16.f4 Be7 17.Be3 Qa5 18.Kb1 Kb8 19.Rd3 Nc5 20.Ra3 Na4 21.Rb3 
Nc5 22.Bxc5 Qxc5 23.Ne4 Qa5 24.a3 Rd4 25.Qe3 Rhd8 26.Nd6 Qc5 27.Rxb7+ Ka8 
28.Qb3 Bxd6 29.exd6 Qxd6 30.Rxf7 Rb8 31.Qc3 Ra4 32.Ka2 Qd5+ 33.b3 Ra5 34.
Rd1 Qb5 35.Rdd7 Qa6 36.Rxa7+ Qxa7 37.Qxc6+ Qb7 38.Rxb7 Rxb7 39.b4 Rd5 40.
a4 Ka7 41.b5 Rdd7 42.Qe4 Kb8 43.c4 1-0

[Event "48th Bosna it"]
[Site "Sarajevo BIH"]
[Date "2018.05.10"]
[Round "8.32"]
[White "Aleksic, Neven"]
[Black "Korjenic, Esef"]
[Result "1-0"]
[WhiteElo "2154"]
[BlackElo "1939"]
[EventDate "2018.05.05"]
[PlyCount "69"]

1.d4 Nf6 2.c4 c5 3.d5 e6 4.Nc3 exd5 5.cxd5 d6 6.Nf3 g6 7.Bf4 a6 8.a4 Bg7 
9.e3 O-O 10.Be2 Re8 11.O-O Bf5 12.Nd2 b6 13.Nc4 Bf8 14.Qb3 Ne4 15.Nxe4 
Rxe4 16.Bd3 Rxc4 17.Qxc4 Bc8 18.Bg3 Nd7 19.f4 Bg7 20.Qc2 Rb8 21.f5 Ne5 22.
fxg6 Nxg6 23.Qf2 Qe7 24.Bxg6 hxg6 25.Bh4 Qe8 26.Bf6 Bh6 27.Rae1 Bd7 28.Qh4
Qf8 29.e4 Re8 30.e5 dxe5 31.Rxe5 Rxe5 32.Bxe5 f5 33.Re1 Bg7 34.Bxg7 Qxg7 
35.Qd8+ 1-0

[Event "48th Bosna it"]
[Site "Sarajevo BIH"]
[Date "2018.05.10"]
[Round "8.33"]
[White "Yerden, Huseyin Eren"]
[Black "Sesar, Ivan"]
[Result "1/2-1/2"]
[WhiteElo "1975"]
[BlackElo "2122"]
[EventDate "2018.05.05"]
[PlyCount "26"]

1.d4 Nf6 2.c4 d6 3.Nc3 Nbd7 4.Nf3 e5 5.g3 c6 6.Bg2 g6 7.e4 Bg7 8.O-O O-O 
9.h3 a6 10.b3 Qa5 11.Bb2 Re8 12.a3 Qc7 13.Rc1 Nf8 1/2-1/2

[Event "48th Bosna it"]
[Site "Sarajevo BIH"]
[Date "2018.05.10"]
[Round "8.34"]
[White "Zenelaj, Fisnik"]
[Black "Petrovic, Marija"]
[Result "0-1"]
[WhiteElo "1909"]
[BlackElo "2083"]
[EventDate "2018.05.05"]
[PlyCount "152"]

1.c4 d6 2.g3 e5 3.Bg2 g6 4.Nc3 Nf6 5.e4 Bg7 6.Nge2 O-O 7.O-O a6 8.d3 Nc6 
9.h3 b5 10.Be3 b4 11.Nd5 a5 12.b3 Nxd5 13.exd5 Ne7 14.Rc1 Bb7 15.f4 Nf5 
16.Bf2 exf4 17.Nxf4 Qg5 18.Kh2 Rae8 19.Qf3 Nd4 20.Bxd4 Bxd4 21.Rce1 Rxe1 
22.Rxe1 Bc8 23.h4 Qf6 24.Nh3 h6 25.Qxf6 Bxf6 26.Nf4 g5 27.hxg5 hxg5 28.Nh3
Kg7 29.Kg1 Rh8 30.Nf2 Be5 31.g4 f5 32.gxf5 Bxf5 33.Be4 Bc3 34.Rf1 Bd7 35.
Kg2 Bd4 36.Rh1 Rh4 37.Rxh4 gxh4 38.Nh3 Be3 39.d4 Kf6 40.Bd3 Bxd4 41.Nf4 
Be5 42.Ne6 Bxe6 43.dxe6 Kxe6 44.Kf3 c6 45.Bf1 d5 46.c5 Bd4 47.Bh3+ Ke7 48.
Kg4 Bf2 49.Kg5 Bxc5 50.Kxh4 Be3 51.Kg3 Kd6 52.Kf3 Bh6 53.Ke2 Ke5 54.Kd3 
Bc1 55.Bg4 Bb2 56.Bh5 Bc3 57.Bg4 c5 58.Bh5 Kd6 59.Be8 Bg7 60.Bh5 Bc3 61.a3
Bg7 62.a4 Ke5 63.Bd1 Kf4 64.Be2 Bf8 65.Bd1 Be7 66.Be2 c4+ 67.Kc2 Ke3 68.
Bf1 cxb3+ 69.Kxb3 Kd2 70.Bb5 d4 71.Ba6 d3 72.Bc4 Ke3 73.Be6 d2 74.Bg4 Kf2 
75.Kc2 Ke1 76.Bd1 Bf6 0-1

[Event "48th Bosna it"]
[Site "Sarajevo BIH"]
[Date "2018.05.10"]
[Round "8.35"]
[White "Okovic, Edin"]
[Black "Levar, Nenad"]
[Result "1/2-1/2"]
[WhiteElo "1879"]
[BlackElo "2075"]
[EventDate "2018.05.05"]
[PlyCount "85"]

1.Nf3 Nf6 2.g3 b6 3.c4 Bb7 4.Bg2 c5 5.b3 d6 6.d3 e5 7.e4 Be7 8.Nc3 O-O 9.
O-O Nc6 10.Nd5 Nxd5 11.cxd5 Nd4 12.Nxd4 cxd4 13.f4 Bf6 14.f5 Bg5 15.h4 
Bxc1 16.Rxc1 f6 17.h5 h6 18.Qd2 Qd7 19.Bf3 Rac8 20.b4 Qb5 21.Be2 Ba6 22.
Qb2 Bb7 23.Rc4 Qd7 24.Rfc1 Ba6 25.Rc6 Bb5 26.R6c2 Kf7 27.Qa3 a6 28.Qb2 Ke7
29.Qa1 Rxc2 30.Rxc2 Rc8 31.Qc1 Rxc2 32.Qxc2 Kd8 33.Kf2 Ba4 34.Qb2 Qc7 35.
Ke1 Qc3+ 36.Qxc3 dxc3 37.d4 exd4 38.Bd3 a5 39.b5 Ke7 40.Ke2 Kd7 41.Ke1 Ke7
42.Ke2 Kd7 43.Ke1 1/2-1/2

[Event "48th Bosna it"]
[Site "Sarajevo BIH"]
[Date "2018.05.10"]
[Round "8.36"]
[White "Marn, Jan"]
[Black "Hasanovic, Jakub"]
[Result "1-0"]
[WhiteElo "2063"]
[BlackElo "1866"]
[EventDate "2018.05.05"]
[PlyCount "67"]

1.d4 d5 2.c4 dxc4 3.e3 c6 4.Bxc4 Nf6 5.Nf3 Bg4 6.O-O e6 7.Nbd2 Bd6 8.e4 
Bc7 9.e5 Nd5 10.b3 O-O 11.Ba3 Re8 12.Ne4 b5 13.Bxd5 exd5 14.Nd6 Re6 15.h3 
Bh5 16.g4 Bg6 17.Nb7 Qc8 18.Nc5 Re8 19.Nh4 a5 20.f4 b4 21.Bb2 Bd8 22.Qe1 
h6 23.Nxg6 fxg6 24.f5 g5 25.a3 bxa3 26.Bxa3 Bb6 27.f6 gxf6 28.Qb1 f5 29.
gxf5 Kh8 30.Kg2 Bxc5 31.Bxc5 Nd7 32.f6 Nxc5 33.Qg6 Ne6 34.Qxh6+ 1-0

[Event "48th Bosna it"]
[Site "Sarajevo BIH"]
[Date "2018.05.10"]
[Round "8.37"]
[White "Zenelaj, Samuel"]
[Black "Salkic, Mahir"]
[Result "1-0"]
[WhiteElo "1840"]
[BlackElo "2033"]
[EventDate "2018.05.05"]
[PlyCount "78"]

1.c4 e5 2.Nc3 Nf6 3.Nf3 Nc6 4.e3 g6 5.d4 exd4 6.exd4 Bg7 7.Bg5 h6 8.Bh4 
O-O 9.Be2 d6 10.O-O Re8 11.h3 Ne7 12.Bg3 g5 13.Qd2 Nf5 14.Bh2 g4 15.hxg4 
Nxg4 16.Bf4 c6 17.Rad1 Qf6 18.Rfe1 Bd7 19.d5 c5 20.Bd3 Ne5 21.Bxe5 dxe5 
22.Ne4 Qe7 23.d6 Qe6 24.Nxc5 Qxd6 25.Bxf5 Qxd2 26.Rxd2 Bxf5 27.Nxb7 Bg4 
28.Nh2 Be6 29.b3 f5 30.Red1 e4 31.Nf1 Re7 32.Nc5 Bf7 33.Rd8+ Rxd8 34.Rxd8+
Kh7 35.Ng3 Kg6 36.Rd6+ Kg5 37.Rd7 Rxd7 38.Nxd7 Be8 39.Nc5 Bd4 1-0

[Event "48th Bosna it"]
[Site "Sarajevo BIH"]
[Date "2018.05.10"]
[Round "8.38"]
[White "Tarun, Kanyamarala"]
[Black "Tomic, Jelena"]
[Result "1-0"]
[WhiteElo "2006"]
[BlackElo "1881"]
[EventDate "2018.05.05"]
[PlyCount "53"]

1.Nf3 Nf6 2.c4 e6 3.g3 b6 4.Bg2 Bb7 5.O-O Be7 6.Nc3 O-O 7.Re1 d6 8.e4 e5 
9.d4 Nbd7 10.b3 Re8 11.Bb2 Bf8 12.Nd5 Nxd5 13.exd5 f6 14.Bh3 g6 15.Be6+ 
Kg7 16.Nh4 Kh8 17.Qg4 Re7 18.Nf5 Rxe6 19.dxe6 gxf5 20.Qh4 Nb8 21.dxe5 dxe5
22.Rxe5 Nc6 23.Rd5 Bg7 24.Rxd8+ Rxd8 25.Bxf6 Re8 26.Bxg7+ Kxg7 27.Qg5+ 1-0

[Event "48th Bosna it"]
[Site "Sarajevo BIH"]
[Date "2018.05.10"]
[Round "8.39"]
[White "Terzic, Enes"]
[Black "Kurtcehajlic, Suad"]
[Result "1/2-1/2"]
[WhiteElo "1716"]
[BlackElo "1994"]
[EventDate "2018.05.05"]
[PlyCount "103"]

1.e4 c6 2.d3 d5 3.Nd2 e5 4.Ngf3 Bd6 5.Be2 Nf6 6.O-O O-O 7.c3 Re8 8.Qc2 Bg4
9.Re1 Nbd7 10.Nf1 Bc5 11.b4 Bb6 12.Bg5 h6 13.Bh4 Nf8 14.a3 Ng6 15.Bg3 Nh5 
16.Nd4 exd4 17.Bxg4 Nxg3 18.Nxg3 dxc3 19.Qxc3 dxe4 20.Nf5 Ne5 21.Rxe4 Qxd3
22.Qxd3 Nxd3 23.Rxe8+ Rxe8 24.Bf3 Nxf2 25.Kf1 Ne4 26.Rd1 Nf6 27.a4 Rd8 28.
Rxd8+ Bxd8 29.Nd6 Be7 30.Nxb7 Bxb4 31.Bxc6 Kf8 32.h3 Ke7 33.Ke2 Nd7 34.Ke3
Nb8 35.Bd5 Kd7 36.Bxf7 Kc7 37.Bd5 Nc6 38.Bxc6 Kxc6 39.Nd8+ Kb6 40.Kd3 Be7 
41.Ne6 Ka5 42.Nxg7 Kxa4 43.Nf5 Bf8 44.Kc4 a5 45.Nd4 Ka3 46.g4 a4 47.h4 Kb2
48.Nb5 Be7 49.g5 Bxg5 50.hxg5 hxg5 51.Kb4 g4 52.Kxa4 1/2-1/2

[Event "48th Bosna it"]
[Site "Sarajevo BIH"]
[Date "2018.05.10"]
[Round "8.40"]
[White "Bies, Brian"]
[Black "Maksimovic, Bojan"]
[Result "0-1"]
[WhiteElo "1610"]
[BlackElo "2301"]
[EventDate "2018.05.05"]
[PlyCount "82"]

1.e4 c5 2.b3 e5 3.Bb2 Nc6 4.Bc4 d6 5.Nc3 Nf6 6.h3 g6 7.Nf3 Bg7 8.Qe2 O-O 
9.O-O h6 10.a4 Kh7 11.d3 a6 12.Bc1 Be6 13.Be3 Nd4 14.Qd1 d5 15.Nxd5 Nxd5 
16.exd5 Bxd5 17.Nxd4 cxd4 18.Bxd5 Qxd5 19.Bd2 f5 20.f3 Rac8 21.Be1 b6 22.
Rf2 Rc6 23.Re2 Re8 24.Bf2 Bf6 25.Bg3 Rce6 26.Qf1 Bg5 27.f4 exf4 28.Rxe6 
Qxe6 29.Re1 fxg3 30.Rxe6 Rxe6 31.Qd1 Be3+ 32.Kf1 Bf2 33.Qd2 g5 34.c4 dxc3 
35.Qxc3 Re1+ 36.Qxe1 Bxe1 37.Kxe1 f4 38.b4 Kg6 39.Ke2 Kf5 40.Kf3 h5 41.h4 
g4+ 0-1

[Event "48th Bosna it"]
[Site "Sarajevo BIH"]
[Date "2018.05.10"]
[Round "8.41"]
[White "Cabric, Izet"]
[Black "Strinic, Halid"]
[Result "0-1"]
[WhiteElo "1885"]
[BlackElo "2133"]
[EventDate "2018.05.05"]
[PlyCount "68"]

1.e4 c5 2.Nf3 d6 3.c3 Nf6 4.Be2 e5 5.O-O Be7 6.h3 O-O 7.d3 Nc6 8.Be3 d5 9.
Nbd2 h6 10.exd5 Nxd5 11.Nc4 Qc7 12.Qc1 Bf5 13.Nfd2 Rad8 14.Ne4 b6 15.a3 
Bh7 16.f4 f5 17.Ng3 exf4 18.Bxf4 Nxf4 19.Qxf4 Qxf4 20.Rxf4 Bg5 21.Rf3 b5 
22.Ne3 f4 23.Ne4 fxe3 24.Nxc5 Rxf3 25.gxf3 Be7 26.Ne4 Bf5 27.Kg2 Ne5 28.
Rd1 Ng6 29.f4 Nxf4+ 30.Kf3 Nxe2 31.Kxe2 Bxe4 32.dxe4 Rxd1 33.Kxd1 Bc5 34.
Ke2 g5 0-1

[Event "48th Bosna it"]
[Site "Sarajevo BIH"]
[Date "2018.05.10"]
[Round "8.42"]
[White "Maksimovic, Masa"]
[Black "Markovic, Rade"]
[Result "0-1"]
[WhiteElo "2087"]
[BlackElo "1767"]
[EventDate "2018.05.05"]
[PlyCount "105"]

1.e4 e5 2.Nf3 Nc6 3.Bb5 Bc5 4.O-O Nf6 5.c3 O-O 6.d4 Bb6 7.Re1 d6 8.h3 h6 
9.Ba4 Bd7 10.d5 Ne7 11.Bxd7 Qxd7 12.a4 a6 13.a5 Ba7 14.c4 Nh7 15.Nc3 f5 
16.Be3 Bxe3 17.fxe3 Rf6 18.Kh2 Raf8 19.Rf1 fxe4 20.Nxe4 R6f7 21.Qe2 Nf6 
22.Neg5 Ng4+ 23.hxg4 hxg5 24.Nxg5 Rxf1 25.Rxf1 Rxf1 26.Qxf1 Qxg4 27.Ne6 
Nf5 28.Qf3 Qxf3 29.gxf3 Nxe3 30.b3 Nf1+ 31.Kg2 Nd2 32.Nxc7 Kf7 33.f4 exf4 
34.Nb5 Ke7 35.Nd4 g5 36.Nf5+ Kd7 37.Nd4 g4 38.Kf2 Ne4+ 39.Kf1 f3 40.Kg1 
f2+ 41.Kg2 g3 42.Ne2 Kc7 43.b4 b6 44.axb6+ Kxb6 45.Nxg3 Nxg3 46.Kxf2 Nf5 
47.Kf3 a5 48.bxa5+ Kxa5 49.Ke4 Ne7 50.c5 dxc5 51.d6 Nc6 52.d7 Kb5 53.Ke3 
0-1

[Event "48th Bosna it"]
[Site "Sarajevo BIH"]
[Date "2018.05.10"]
[Round "8.44"]
[White "Jovovic, Milan"]
[Black "Stanivukovic, Drago"]
[Result "1-0"]
[WhiteElo "2042"]
[BlackElo "1872"]
[EventDate "2018.05.05"]
[PlyCount "115"]

1.d4 e5 2.dxe5 Nc6 3.Nf3 Bc5 4.a3 a6 5.b4 Ba7 6.c4 Nge7 7.Nc3 Ng6 8.Bg5 
Nce7 9.Nd5 h6 10.Nxe7 Nxe7 11.Bh4 g5 12.Bg3 c5 13.e4 Nc6 14.Qd6 cxb4 15.
axb4 Bb8 16.Qd2 Qe7 17.b5 Nxe5 18.Be2 Bd6 19.O-O Nxf3+ 20.Bxf3 Bxg3 21.
hxg3 h5 22.e5 g4 23.Bd5 h4 24.Qf4 Rh5 25.Qxg4 Rxe5 26.Qxh4 Qxh4 27.gxh4 
Rb8 28.Rfe1 d6 29.f4 Rxe1+ 30.Rxe1+ Kf8 31.Rb1 a5 32.Kf2 Bf5 33.Rg1 Be6 
34.Ra1 b6 35.Bxe6 fxe6 36.Ke3 Ke7 37.g4 Rc8 38.Kd4 Kf6 39.h5 e5+ 40.fxe5+ 
dxe5+ 41.Kd5 Rc5+ 42.Kd6 Rxc4 43.Rf1+ Rf4 44.Rg1 Kg5 45.Kc6 e4 46.Kxb6 a4 
47.Ka5 a3 48.b6 e3 49.b7 Rf8 50.Kb6 e2 51.Ra1 Kxg4 52.h6 a2 53.Ka7 Rf1 54.
b8=Q Rxa1 55.Qg8+ Kf3 56.Qd5+ Kf2 57.Qd4+ Kf1 58.Qf6+ 1-0

[Event "48th Bosna it"]
[Site "Sarajevo BIH"]
[Date "2018.05.10"]
[Round "8.45"]
[White "Odzak, Senad"]
[Black "Janjic, Jovo"]
[Result "1-0"]
[WhiteElo "1802"]
[BlackElo "1981"]
[EventDate "2018.05.05"]
[PlyCount "89"]

1.d4 d5 2.Bf4 e6 3.e3 Bd6 4.Bg3 Nf6 5.Bd3 b6 6.Nf3 c5 7.c4 O-O 8.Bxd6 Qxd6
9.O-O Bb7 10.cxd5 exd5 11.Nc3 c4 12.Bb1 Nbd7 13.Qc2 Rfe8 14.h3 Rac8 15.Qf5
g6 16.Qf4 Qxf4 17.exf4 a6 18.Ne5 b5 19.a3 Nxe5 20.fxe5 Ne4 21.Re1 Nxc3 22.
bxc3 Bc6 23.f4 f5 24.Bc2 Rb8 25.Reb1 a5 26.Rb2 a4 27.Rab1 Ra8 28.Kf2 Kg7 
29.g4 fxg4 30.hxg4 Rf8 31.Kg3 h5 32.gxh5 gxh5 33.Rh1 Rh8 34.Bd1 Be8 35.f5 
Ra6 36.Kf4 Rah6 37.Rh4 Kf8 38.Bf3 Bc6 39.Rbh2 Ke7 40.Rxh5 Rxh5 41.Rxh5 
Rxh5 42.Bxh5 b4 43.cxb4 c3 44.Ke3 Bb5 45.Bd1 1-0

[Event "48th Bosna it"]
[Site "Sarajevo BIH"]
[Date "2018.05.10"]
[Round "8.46"]
[White "Basic, Nemanja"]
[Black "Trisha, Kanyamarala"]
[Result "1-0"]
[WhiteElo "1763"]
[BlackElo "1932"]
[EventDate "2018.05.05"]
[PlyCount "94"]

1.e4 c6 2.d4 d5 3.Nc3 dxe4 4.Nxe4 Bf5 5.Ng3 Bg6 6.h4 h6 7.Nf3 e6 8.Be3 Bd6
9.h5 Bh7 10.Qd2 Qc7 11.O-O-O Nf6 12.Ne5 Nd5 13.Bd3 Bxd3 14.Nxd3 Bxg3 15.
fxg3 Qxg3 16.Rh3 Qc7 17.Bg1 Nd7 18.Bh2 Qb6 19.Ne5 Qd8 20.c4 N5b6 21.Nxd7 
Qxd7 22.c5 Nd5 23.Be5 Nf6 24.Qf4 Qe7 25.Bd6 Nd5 26.Qf2 Qg5+ 27.Rd2 Rg8 28.
Qf3 Qf6 29.Qe4 Qf5 30.Qe1 Qg5 31.Kb1 Nf6 32.Re2 Qf5+ 33.Ka1 Nd7 34.Rhe3 b6
35.Ra3 Qd5 36.g4 g6 37.Qh4 Qg5 38.Qe1 Qxg4 39.Rg3 Qf5 40.hxg6 Rxg6 41.Rf2 
Qh5 42.Rgf3 O-O-O 43.Rxf7 Rdg8 44.Rf1 Qd5 45.Qe2 b5 46.Qd2 e5 47.Qa5 Nb6 
1-0

[Event "48th Bosna it"]
[Site "Sarajevo BIH"]
[Date "2018.05.10"]
[Round "8.47"]
[White "Selimovic, Amir"]
[Black "Haskovic, Salih"]
[Result "1-0"]
[WhiteElo "1932"]
[BlackElo "1857"]
[EventDate "2018.05.05"]
[PlyCount "67"]

1.e4 c6 2.d4 d5 3.exd5 cxd5 4.Bd3 Nc6 5.c3 Nf6 6.Bf4 Bg4 7.Qb3 Qd7 8.Nd2 
e6 9.Ngf3 a6 10.O-O Nh5 11.Ne5 Nxe5 12.Bxe5 f6 13.Bg3 Nxg3 14.hxg3 Be7 15.
Rfe1 O-O 16.Nf1 Bh5 17.Qc2 f5 18.Nh2 Rac8 19.g4 Bg6 20.Qe2 Rc6 21.Nf3 Rb6 
22.Ne5 Qd8 23.Rad1 Bf6 24.Nxg6 hxg6 25.Rd2 Rc6 26.Qf3 Bg5 27.Rde2 Rf6 28.
Re5 fxg4 29.Qxg4 Bd2 30.R1e2 Bc1 31.Bxg6 Kf8 32.Rxe6 Rcxe6 33.Rxe6 Rxg6 
34.Qxg6 1-0

[Event "48th Bosna it"]
[Site "Sarajevo BIH"]
[Date "2018.05.10"]
[Round "8.48"]
[White "Colpa, Husein"]
[Black "Bajic, Salko"]
[Result "0-1"]
[WhiteElo "1922"]
[BlackElo "1715"]
[EventDate "2018.05.05"]
[PlyCount "105"]

1.d4 Nf6 2.c4 e6 3.Nf3 d5 4.a3 Nbd7 5.e3 b6 6.b3 Bb7 7.Be2 c5 8.Bb2 Bd6 9.
Nbd2 Rc8 10.Rc1 O-O 11.O-O Qe7 12.a4 Rfe8 13.Re1 Nf8 14.Ne5 dxc4 15.Ndxc4 
Bb8 16.Bf3 Nd5 17.dxc5 Rxc5 18.Bh5 g6 19.Bf3 Rd8 20.Qe2 f6 21.Nd3 Rcc8 22.
Red1 e5 23.Bg4 Ne6 24.Bh3 Re8 25.g3 Rcd8 26.Ba3 Qg7 27.Bg2 Ng5 28.h4 Ne6 
29.Rd2 Rd7 30.Rdc2 Red8 31.Ncb2 Ba6 32.Qe1 Bxd3 33.Nxd3 Nxe3 34.fxe3 Rxd3 
35.Rc3 Rxc3 36.Qxc3 Qd7 37.Qc4 Kf7 38.Bh3 Qd5 39.Qxd5 Rxd5 40.Bf1 Bd6 41.
b4 Ke7 42.Rc3 Rd2 43.Bc4 h5 44.Kf1 e4 45.a5 Bxg3 46.axb6 axb6 47.Bxe6 Kxe6
48.Rc6+ Rd6 49.Rc4 Kf5 50.Ke2 Bxh4 51.Bb2 Bg3 52.Bd4 Be5 53.b5 0-1

[Event "48th Bosna it"]
[Site "Sarajevo BIH"]
[Date "2018.05.10"]
[Round "8.49"]
[White "Comor, Harun"]
[Black "Muhibic, Cazim"]
[Result "1/2-1/2"]
[WhiteElo "1712"]
[BlackElo "1920"]
[EventDate "2018.05.05"]
[PlyCount "123"]

1.e4 Nc6 2.Nf3 e5 3.Bb5 d6 4.c3 a6 5.Ba4 b5 6.Bc2 Bg4 7.d3 h6 8.Nbd2 Nf6 
9.h3 Bh5 10.Nf1 Be7 11.Be3 O-O 12.g4 Bg6 13.Ng3 d5 14.O-O dxe4 15.dxe4 
Qxd1 16.Raxd1 Rfd8 17.Nh4 Bh7 18.Nhf5 Bxf5 19.Nxf5 Bf8 20.g5 hxg5 21.Bxg5 
Rxd1 22.Rxd1 Nh7 23.Be3 Rd8 24.Kg2 Rxd1 25.Bxd1 Na5 26.a3 g6 27.Nh6+ Kg7 
28.Ng4 f6 29.Bh6+ Kf7 30.Bxf8 Nxf8 31.Ne3 c6 32.b4 Nb7 33.h4 Nd6 34.f3 Ke7
35.Bb3 f5 36.exf5 gxf5 37.Bc2 Kf6 38.h5 Kg5 39.h6 Nh7 40.a4 Nf6 41.axb5 
axb5 42.Bb3 Kxh6 43.c4 bxc4 44.Nxc4 Nxc4 45.Bxc4 Kg5 46.b5 cxb5 47.Bxb5 
Kg6 48.Kf2 Nh7 49.Bc6 Ng5 50.Bd5 Nh7 51.Bc6 Nf6 52.Bb7 Nd7 53.Bc6 Nc5 54.
Bb5 Nb3 55.Bc4 Nd2 56.Bd3 Nb3 57.Bc2 Nd4 58.Bd3 Ne6 59.Bc2 Ng5 60.Bb1 e4 
61.fxe4 Nxe4+ 62.Bxe4 1/2-1/2

[Event "48th Bosna it"]
[Site "Sarajevo BIH"]
[Date "2018.05.10"]
[Round "8.50"]
[White "Herega, Nejc"]
[Black "Vujicic, Dragisa"]
[Result "1/2-1/2"]
[WhiteElo "1600"]
[BlackElo "1900"]
[EventDate "2018.05.05"]
[PlyCount "120"]

1.d4 d5 2.c4 c6 3.cxd5 cxd5 4.Nc3 Nf6 5.Nf3 Nc6 6.Bf4 Bg4 7.e3 Qb6 8.Rb1 
e6 9.Be2 Bxf3 10.Bxf3 Be7 11.O-O O-O 12.a3 Rac8 13.Na4 Qd8 14.Nc5 b6 15.
Nd3 Bd6 16.Be2 Ne4 17.f3 Bxf4 18.Nxf4 Nd6 19.b4 Ne7 20.Ba6 Rc3 21.Rb3 Rxb3
22.Qxb3 b5 23.a4 Qb6 24.Bxb5 Nxb5 25.axb5 Qxb5 26.Rc1 a5 27.Rb1 Rb8 28.Qd3
g5 29.Qxb5 Rxb5 30.Nd3 Nc6 31.Rc1 Nxb4 32.Ne5 Rb7 33.Rc5 Ra7 34.Nc6 Nxc6 
35.Rxc6 a4 36.Rc2 Kf8 37.Kf2 Ke7 38.Ke2 Kd6 39.Kd3 a3 40.Ra2 Kc6 41.Kc3 
Kb5 42.Kb3 f6 43.g3 e5 44.dxe5 fxe5 45.Rd2 a2 46.Rxa2 Rxa2 47.Kxa2 Kc4 48.
f4 exf4 49.gxf4 gxf4 50.exf4 Kd4 51.Kb3 Ke4 52.Kc3 h5 53.f5 Kxf5 54.Kd4 
Kg4 55.Kxd5 Kh3 56.Ke4 Kg2 57.Kf4 h4 58.h3 Kxh3 59.Kf3 Kh2 60.Kf2 h3 
1/2-1/2

[Event "48th Bosna it"]
[Site "Sarajevo BIH"]
[Date "2018.05.10"]
[Round "8.52"]
[White "Kabadayi, Suleyman Arda"]
[Black "Taylor, Robert Graham"]
[Result "1-0"]
[WhiteElo "1514"]
[BlackElo "1889"]
[EventDate "2018.05.05"]
[PlyCount "103"]

1.e4 c5 2.Nf3 e6 3.d4 cxd4 4.Nxd4 Nc6 5.Nb5 d6 6.c4 a6 7.N5c3 Nf6 8.Be2 
Be7 9.O-O O-O 10.Na3 Bd7 11.Be3 Qc7 12.Rc1 Rfe8 13.f4 Qa5 14.g4 h6 15.h4 
d5 16.cxd5 Bc5 17.Bxc5 Qxc5+ 18.Kg2 exd5 19.Nxd5 Nxd5 20.exd5 Rxe2+ 21.
Qxe2 Qxd5+ 22.Kg3 Nd4 23.Qc4 Qxc4 24.Rxc4 Nc6 25.Re4 f5 26.gxf5 Bxf5 27.
Re3 Rd8 28.Rfe1 Rd2 29.Nc4 Rc2 30.Nd6 Bg6 31.R1e2 Rc1 32.Nxb7 Nd4 33.Re1 
Rc2 34.Ra3 Rxb2 35.Nd6 Rb6 36.Nc8 Nf5+ 37.Kh3 Rb7 38.Rxa6 Kh7 39.Nd6 Nxd6 
40.Rxd6 Rb2 41.Ra6 Rc2 42.Re3 Rd2 43.Ra7 h5 44.Ree7 Kh6 45.Rxg7 Bf5+ 46.
Kg3 Rd3+ 47.Kf2 Rh3 48.Rg5 Bg4 49.Rag7 Bf5 50.Rg8 Bh7 51.Rb8 Be4 52.Rb6+ 
1-0

[Event "48th Bosna it"]
[Site "Sarajevo BIH"]
[Date "2018.05.10"]
[Round "8.54"]
[White "Camdzija, Samir"]
[Black "Fejzic, Danis"]
[Result "1-0"]
[WhiteElo "1822"]
[BlackElo "1460"]
[EventDate "2018.05.05"]
[PlyCount "69"]

1.e4 c5 2.f4 d6 3.Nf3 Nc6 4.Bc4 Nf6 5.Nc3 e6 6.a3 Be7 7.O-O O-O 8.d3 a6 9.
Ne2 d5 10.exd5 exd5 11.Ba2 d4 12.Ng3 Qc7 13.Bd2 Bd6 14.Ng5 h6 15.N5e4 Be7 
16.Nh5 Nxe4 17.dxe4 Be6 18.Bxe6 fxe6 19.Qg4 Rf7 20.Qxe6 Qd6 21.Qg4 d3 22.
e5 Qd4+ 23.Kh1 Nxe5 24.Qg3 Nc4 25.Bc3 Qe3 26.Rf3 Qe2 27.cxd3 Nxb2 28.h3 
Na4 29.Be5 Kh7 30.Re1 Qa2 31.f5 Raf8 32.Qg6+ Kh8 33.Qxh6+ Kg8 34.Bxg7 Rf6 
35.Nxf6+ 1-0

[Event "48th Bosna it"]
[Site "Sarajevo BIH"]
[Date "2018.05.10"]
[Round "8.58"]
[White "Mattersberger, Melanie"]
[Black "Kajevic, Dzevad"]
[Result "0-1"]
[WhiteElo "1680"]
[BlackElo "1979"]
[EventDate "2018.05.05"]
[PlyCount "44"]

1.e4 e5 2.Nf3 Nc6 3.Bb5 d6 4.d4 Bd7 5.O-O h6 6.Nc3 Nf6 7.Re1 Be7 8.dxe5 
dxe5 9.Bxc6 Bxc6 10.Qxd8+ Rxd8 11.Nxe5 Bxe4 12.Nxe4 Nxe4 13.Bf4 Nc5 14.Nc4
Ne6 15.Be3 O-O 16.Rad1 Bf6 17.c3 b6 18.Kf1 c5 19.Nd6 Kh7 20.Rd2 Rd7 21.
Red1 Rfd8 22.Nxf7 Rxf7 0-1

[Event "48th Bosna it"]
[Site "Sarajevo BIH"]
[Date "2018.05.10"]
[Round "8.62"]
[White "Beslija, Ismir"]
[Black "Grubauer, Gerhard"]
[Result "0-1"]
[WhiteElo "1696"]
[BlackElo "1655"]
[EventDate "2018.05.05"]
[PlyCount "70"]

1.e4 c5 2.c3 d6 3.Bd3 Nc6 4.Nf3 Nf6 5.h3 e6 6.O-O Be7 7.Re1 b6 8.Bc2 O-O 
9.d4 cxd4 10.cxd4 Bb7 11.Nc3 a6 12.a3 e5 13.d5 Nb8 14.Qd3 Nbd7 15.Be3 Nc5 
16.Qd2 Re8 17.Rac1 a5 18.Nh2 Bc8 19.b4 Nb7 20.f4 Qc7 21.Qf2 Qxc3 22.Ba4 
Qxa3 23.Bxe8 Nxe8 24.f5 Qxb4 25.Bxb6 Nc5 26.Rb1 Qc4 27.Qf3 Nf6 28.Bxc5 
Qxc5+ 29.Kh1 Ba6 30.Ng4 a4 31.Nxf6+ Bxf6 32.Rec1 Qa5 33.Rc6 a3 34.Qb3 h6 
35.Ra1 Bh4 0-1

[Event "48th Bosna it"]
[Site "Sarajevo BIH"]
[Date "2018.05.10"]
[Round "8.63"]
[White "Mahmutagic, Mevilda"]
[Black "Bavcic, Fuad"]
[Result "0-1"]
[WhiteElo "1538"]
[BlackElo "1694"]
[EventDate "2018.05.05"]
[PlyCount "40"]

1.d4 e6 2.Bf4 d5 3.e3 Nf6 4.Bd3 Be7 5.c3 O-O 6.h3 c5 7.Nd2 cxd4 8.exd4 Nc6
9.Qc2 Bd7 10.Ngf3 Rc8 11.Ne5 Nxd4 12.Qb1 Nf5 13.Nxd7 Qxd7 14.Nf3 g6 15.O-O
Qa4 16.Bh2 Nd6 17.Qc1 Nfe4 18.Bxe4 Nxe4 19.Qh6 Bf6 20.Ne5 Bg5 0-1

[Event "48th Bosna it"]
[Site "Sarajevo BIH"]
[Date "2018.05.10"]
[Round "8.64"]
[White "Beslija, Hana"]
[Black "Tutic, Amina"]
[Result "1/2-1/2"]
[WhiteElo "1129"]
[BlackElo "1439"]
[EventDate "2018.05.05"]
[PlyCount "127"]

1.e4 d6 2.d4 Nf6 3.Nc3 g6 4.Bg5 Bg7 5.Nf3 h6 6.Bh4 b6 7.d5 O-O 8.Bd3 Ba6 
9.a3 Bxd3 10.Qxd3 Nbd7 11.h3 Nc5 12.Qe3 g5 13.Nxg5 hxg5 14.Bxg5 Ne8 15.Bh6
Bxh6 16.Qxh6 Ng7 17.Qg5 f5 18.f3 e6 19.Qg3 Qe7 20.O-O-O Qf6 21.h4 fxe4 22.
fxe4 Qf4+ 23.Qxf4 Rxf4 24.dxe6 Ngxe6 25.Nd5 Rf2 26.g4 Nxe4 27.Ne7+ Kf7 28.
Nc6 Rg2 29.Rdg1 Rxg1+ 30.Rxg1 Rh8 31.h5 a5 32.c3 Ke8 33.Re1 N4g5 34.Nd4 
Kd7 35.Nxe6 Nxe6 36.Kd2 Ng5 37.Ke3 Re8+ 38.Kf2 Rxe1 39.Kxe1 Ke7 40.Kf2 Kf6
41.Kg3 Ke5 42.Kh4 Kf4 43.h6 c5 44.c4 Nf7 45.h7 Ke5 46.Kh5 Kf6 47.g5+ Kg7 
48.g6 Nh8 49.Kg5 Nxg6 50.Kf5 Kxh7 51.Ke6 Ne5 52.b3 Nf3 53.Kxd6 Nd4 54.Kc7 
Nxb3 55.Kxb6 Kg6 56.Kb5 Kf6 57.Ka4 Nd2 58.Kxa5 Ke5 59.Ka4 Kd4 60.Kb5 Nxc4 
61.a4 Ne5 62.a5 Nf7 63.a6 Nd6+ 64.Kc6 1/2-1/2